Online Catalogue and eLibrary

Women in India : (Record no. 5682)

MARC details
000 -LEADER
fixed length control field 00449nam a2200181Ia 4500
005 - DATE AND TIME OF LATEST TRANSACTION
control field 20250127011323.0
008 - FIXED-LENGTH DATA ELEMENTS--GENERAL INFORMATION
fixed length control field 240331s9999 xx 000 0 und d
020 ## - INTERNATIONAL STANDARD BOOK NUMBER
ISBN 9788121210406
082 ## - DDC Classification
Item Number - Author Mark KAL
Class No. 914
245 #0 - TITLE STATEMENT
Title Women in India :
Remainder of title Contemporary Concerns
260 ## - PUBLICATION, DISTRIBUTION, ETC.
Place of publication, distribution, etc. New Delhi
Name of publisher, distributor, etc. Gyan Publishing House
Date of publication, distribution, etc. 2012
300 ## - PHYSICAL DESCRIPTION
Extent (e.g. Volumes, Pages etc.) 232 p .,
650 ## - SUBJECT ADDED ENTRY--TOPICAL TERM
Topical term or geographic name entry element Women
650 ## - SUBJECT ADDED ENTRY--TOPICAL TERM
Topical term or geographic name entry element Feminism
650 ## - SUBJECT ADDED ENTRY--TOPICAL TERM
Topical term or geographic name entry element Gender
700 ## - ADDED ENTRY--PERSONAL NAME
Personal name Kalpagam,U.
Relator term (Role) Editor
942 ## - Koha item type (Biblio)
Koha item type Books in Stacks (Lending)
Holdings
Lost status Damaged status Collection code Home library Current library Shelving location Date acquired Full call number Accession Number Item type
    Lending WERC Library WERC Library Social Science Cupboard 03/31/2024 914 KAL 6698 Books in Stacks (Lending)

© WERC Library